Introduction to Linear Algebra / (Record no. 589209)

000 -LEADER
fixed length control field 00472nam a22001577a 4500
020 ## - INTERNATIONAL STANDARD BOOK NUMBER
International Standard Book Number 978-0-9802327-7-6
Qualifying information Hard Cover.
040 ## - CATALOGING SOURCE
Transcribing agency SINES-NUST.
082 ## - DEWEY DECIMAL CLASSIFICATION NUMBER
Edition number 5th ed.
Classification number 512.5-STR
Author Mark
100 ## - MAIN ENTRY--PERSONAL NAME
Personal name GILBERT STRANG.
9 (RLIN) 10675
245 ## - TITLE STATEMENT
Title Introduction to Linear Algebra /
Statement of responsibility, etc. Strang, Gilbert
250 ## - EDITION STATEMENT
Edition statement 5th. ed.
260 ## - PUBLICATION, DISTRIBUTION, ETC.
Place of publication, distribution, etc. United State of America:
Name of publisher, distributor, etc. Wellesley-Cambridge Press,
Date of publication, distribution, etc. 2016.
300 ## - PHYSICAL DESCRIPTION
Extent 574 p. :
Other physical details ill. ;
Dimensions 40 cm.
650 ## - SUBJECT ADDED ENTRY--TOPICAL TERM
Source of heading or term Mathematics.
942 ## - ADDED ENTRY ELEMENTS (KOHA)
Source of classification or shelving scheme
Koha item type Text Books
Holdings
Withdrawn status Lost status Source of classification or shelving scheme Damaged status Not for loan Permanent Location Current Location Shelving location Date acquired Total Checkouts Full call number Barcode Checked out Date last seen Date last checked out Price effective from Koha item type Total Renewals
          School of Interdisciplinary Engineering and Sciences (SINES) School of Interdisciplinary Engineering and Sciences (SINES) General Stacks 04/19/2022 1 512.5-STR RCMS003321 04/18/2024 12/20/2023 12/20/2023 04/19/2022 Book  
          School of Interdisciplinary Engineering and Sciences (SINES) School of Interdisciplinary Engineering and Sciences (SINES) General Stacks 04/19/2022 4 512.5-STR RCMS003322 03/22/2024 02/21/2024 02/21/2024 04/19/2022 Book 2
© 2023 Central Library, National University of Sciences and Technology. All Rights Reserved.